Семантичне поле освіти в англійській мові (Запис № 284156)
[ простий вигляд ]
| 000 -LEADER | |
|---|---|
| fixed length control field | 01757nam a22001577a 4500 |
| 041 ## - LANGUAGE CODE | |
| Language code of text/sound track or separate title | ukr |
| 080 ## - UNIVERSAL DECIMAL CLASSIFICATION NUMBER | |
| Universal Decimal Classification number | 09 |
| 090 ## - LOCALLY ASSIGNED LC-TYPE CALL NUMBER (OCLC); LOCAL CALL NUMBER (OCLC) | |
| Local cutter number (OCLC) ; Book number/undivided call number, CALL (RLIN) | ТИХ |
| 100 ## - MAIN ENTRY--PERSONAL NAME | |
| Personal name | Тихонов С.В. |
| 245 ## - TITLE STATEMENT | |
| Title | Семантичне поле освіти в англійській мові |
| 260 ## - PUBLICATION, DISTRIBUTION, ETC. (IMPRINT) | |
| Place of publication, distribution, etc | Острог |
| Name of publisher, distributor, etc | КАФ |
| Date of publication, distribution, etc | 2009 |
| 300 ## - PHYSICAL DESCRIPTION | |
| Extent | 56 |
| 520 ## - SUMMARY, ETC. | |
| Summary, etc | ВСТУП<br/>РОЗДІЛ 1 МЕТОДИ СЕМАНТИЧНОГО ДОСЛІДЖЕННЯ ТА "ПОНЯТТЯ ЛЕКСИКО-СЕМАНТИЧНЕ ПОЛЕ"<br/>1.1 Методи семантичного дослідження.<br/>1.2 Типи семантичних відносин.<br/>1.3 Поняття "лексико-семантичне поле" та його характерні властивості.<br/>1.4 Семантика, як розділ мовознавчої науки.<br/>1.5 ЛСП "Освіта" в лексикографічних джерелах. Відмінності між термінами "освіта" та "education".<br/>РОЗДІЛ 2 КОНТЕКСТНА РЕАЛІЗАЦІЯ ЛСП У ТВОРЧОСТІ ЧАРЛЗА ДІККЕНСА "ЖИТТЯ ТА ПРИГОДИ НІКОЛАСА НІКЛБИ"<br/>2.1 Контекстуальний аналіз як метод дослідження лексико-семантичного поля.<br/>2.2 Параметри семантичного поля та частотні словники. <br/>2.3 Контекстуальний аналіз лексико-семантичного поля "Освіта" на основі твору Чарлза Діккенса "Життя та пригоди Ніколаса Ніклби".<br/>ВИСНОВКИ |
| -- | лексико-семантичне поле, Чарлз Діккенс |
| 650 ## - SUBJECT ADDED ENTRY--TOPICAL TERM | |
| Topical term or geographic name as entry element | Research Papers |
| 942 ## - ADDED ENTRY ELEMENTS (KOHA) | |
| Koha item type | Книги |
| Withdrawn status | Lost status | Source of classification or shelving scheme | Damaged status | Not for loan | Home library | Current library | Date acquired | Source of acquisition | Cost, normal purchase price | Total Checkouts | Full call number | Barcode | Date last seen | Price effective from | Koha item type |
|---|---|---|---|---|---|---|---|---|---|---|---|---|---|---|---|
| Universal Decimal Classification | ВІЛ - Відділ іноземн. літератури НБ | ВІЛ - Відділ іноземн. літератури НБ | 16/04/2009 | Акт №1 | 1.00 | 09 | 213382 | 15/12/2021 | 16/04/2009 | Книги |